000 00502nam a2200169Ia 4500
999 _c21610
_d21610
003 OSt
005 20200612140635.0
008 190216s9999||||xx |||||||||||||| ||und||
020 _a9788126144198
040 _coclc
082 _a070.44937
_bSIN/J
100 _aSingh, Bhanu Pratap
_92848
245 0 _aJournalism Education /
_cBhanu Pratap Singh
260 _bAnmol Publications,
_c2011.
_aNew Delhi:
300 _a320p
942 _cBK
_2ddc
_h070.44937
_iSIN/J
_k070.44937
_mSIN/J